Fundamentals of environmental chemistry

Fundamentals of Environmental Chemistry, Third Edition expands the scope of book to include the strongly emerging areas broadly described as sustainability science and technology, including green chemistry and industrial ecology.

में बचाया:
ग्रंथसूची विवरण
मुख्य लेखक: Manahan, Stanley E.
स्वरूप: पुस्तक
भाषा:Undetermined
प्रकाशित: Boca Raton CRC Press 2009
विषय:
टैग : टैग जोड़ें
कोई टैग नहीं, इस रिकॉर्ड को टैग करने वाले पहले व्यक्ति बनें!
Thư viện lưu trữ: Trung tâm Học liệu Trường Đại học Cần Thơ
LEADER 00798nam a2200205Ia 4500
001 CTU_154639
008 210402s9999 xx 000 0 und d
020 |c 1566000 
082 |a 540 
082 |b M266 
100 |a Manahan, Stanley E. 
245 0 |a Fundamentals of environmental chemistry 
245 0 |c Stanley E. Manahan 
260 |a Boca Raton 
260 |b CRC Press 
260 |c 2009 
520 |a Fundamentals of Environmental Chemistry, Third Edition expands the scope of book to include the strongly emerging areas broadly described as sustainability science and technology, including green chemistry and industrial ecology. 
650 |a Environmental chemistry,Hóa học môi trường 
904 |i Trọng Hải 
980 |a Trung tâm Học liệu Trường Đại học Cần Thơ